| 000 | 01798nam a2200409 a 4500 | ||
|---|---|---|---|
| 001 | 000012772 | ||
| 003 | DO-SdBNP | ||
| 005 | 20180306090922.0 | ||
| 008 | 110712s2014 dr ac 000 0 spa d | ||
| 020 | _a9789945495453 | ||
| 040 |
_aBPMSU _bspa _cBPMSU |
||
| 082 | 0 | 4 |
_a372.6561 _bR696L 5to. 2014 |
| 100 | 1 | _aRodríguez Rijo, Basilia | |
| 245 | 1 | 0 |
_aLengua española 5 : _beducación básica / _cBasilia Rodríguez Rijo, Olimpia Sánchez Rodríguez ; producción editorial María del Jesús de la Rosa ; ilustración Ramón Sandoval, Henry Cid. |
| 260 |
_aSanto Domingo : _bActualidad Escolar, _c2014. |
||
| 300 |
_a2v. : _bil., retrs. ; _c28 cm. |
||
| 500 | _aEdición revisada y actualizada al 2014 | ||
| 500 | _aLa biblioteca posee el volumen 5 | ||
| 500 | _aIncluye el libro del maestro. | ||
| 500 | _aQuinto grado. Segundo ciclo educación básica | ||
| 504 | _aBibliografía : p. 158 | ||
| 505 | 0 |
_gUnidad 1 -- _tLa narración -- _gUnidad 2 -- _tLa leyenda -- _gUnidad 3 -- _tEl debate -- _gUnidad 4 -- _tEl cuento -- _gUnidad 5 -- _tLa entrevista -- _gUnidad 6 -- _tEl relato -- _gUnidad 7 -- _tTexto informativo -- _gUnidad 8 -- _tLa personificación -- |
|
| 650 | 4 |
_aESPAÑOL _xENSEÑANZA BÁSICA |
|
| 650 | 4 |
_aESPAÑOL _xEDUCACIÓN PRIMARIA |
|
| 650 | 4 |
_aEDUCACIÓN PRIMARIA _zREPÚBLICA DOMINICANA |
|
| 650 | 4 |
_aESPAÑOL _xLIBROS DE TEXTOS |
|
| 650 | 4 |
_aESPAÑOL _xESTUDIOS Y EJERCICIOS |
|
| 700 | 1 |
_aCid, Henry, _eil. |
|
| 700 | 1 |
_aRosa, María del Jesús de la, _eed. |
|
| 700 | 1 |
_aSandoval, Ramón, _eil. |
|
| 700 | 1 | 2 | _aSánchez Rodríguez, Olimpia |
| 910 | _aValidado. Control de calidad MFF | ||
| 942 |
_2ddc _cBK |
||
| 945 | _aRemanejado para la BNPHU / 2018 VM | ||
| 956 |
_aVMATEO _b10 _c20150812 _lBPMSU _h00151 |
||
| 956 |
_aLOPEREZ _b10 _c20160414 _lBPMSU _h00041 |
||
| 999 |
_c8189 _d8189 |
||